| 000 | 00632nam a22002177a 4500 | ||
|---|---|---|---|
| 003 | BUBTL | ||
| 008 | 140129b xxu||||| |||| 00| 0 eng d | ||
| 020 | _a81-203-1839-0 | ||
| 082 | _a658.8 / KOP | ||
| 100 |
_952 _aKotler, Philip |
||
| 245 |
_aPrinciples of Marketing / _cPhilip Kotler, Gray Armstrong |
||
| 250 | _a9th ed. | ||
| 260 |
_aNew Delhi, _bPrentice Hall, _cc2001. |
||
| 300 |
_axxxi, 785 p.: _bill., charts.; _c27 cm. |
||
| 500 | _aIncludes indexs and bibliography | ||
| 650 | 0 |
_953 _aMarketing |
|
| 700 |
_9168 _aArmstrong, Gray |
||
| 856 |
_k0 _l0 _yDownload |
||
| 942 |
_2ddc _cBK |
||
| 999 |
_c74 _d74 |
||